000 00443nam a2200181Ia 4500
001 22515
005 20260414150836.0
008 260414t2012||||xx |||||||||||||| ||spa||
041 _aESP
082 _a621.382
_bC246
100 _aCioara. Jeremy
_eAUT
245 0 _aCCNA Voice 640-461 :
_bofficial cert guide
260 _c2012
300 _axxvii, 498 páginas :
_c23 cm.
650 _aTCA
654 _aCET
942 _cLIB
_dJUS
_fJUS
_2ddc
_n
999 _c22515
_d22515